000 00457nam a2200157Ia 4500
999 _c23282
_d23282
003 OSt
005 20200319101628.0
008 190216s9999||||xx |||||||||||||| ||und||
040 _coclc
082 _a956.95
_bNIY/H
100 _aNiyaz, P K
_92064
245 0 _aHamas Samaravum Sandeshavum /
_cP K Niyaz
260 _bIslamic Publishing House,
_c2012.
_aKozhikode:
300 _a294p
942 _cBK
_2ddc
_h956.95
_iNIY/H
_k956.95
_mNIY/H